Análisis e interpretación de estados contables (Registro nro. 1214)

Detalles MARC
000 -LEADER
fixed length control field 01225 a2200229 4500
001 - CONTROL NUMBER
control field 24669
005 - DATE AND TIME OF LATEST TRANSACTION
control field 20260407155530.0
008 - FIXED-LENGTH DATA ELEMENTS--GENERAL INFORMATION
fixed length control field 260407a2000 arg spa d
003 - CONTROL NUMBER IDENTIFIER
control field AR-UNSa-BCEJYS
040 ## - CATALOGING SOURCE
Original cataloging agency AR-UNSa-BCEJYS
Language of cataloging spa
Transcribing agency AR-UNSa-BCEJYS
080 ## - UNIVERSAL DECIMAL CLASSIFICATION NUMBER
Universal Decimal Classification number 657.3
Common auxiliary subdivision Presupuestos. Cierre de Cuentas. Balances (Estados Contables)
100 1# - MAIN ENTRY--PERSONAL NAME
Personal name Senderovich, Isaac Aizik
245 10 - TITLE STATEMENT
Title Análisis e interpretación de estados contables
250 ## - EDITION STATEMENT
Edition statement 11a. ed
264 #1 - PRODUCTION, PUBLICATION, DISTRIBUTION, MANUFACTURE, AND COPYRIGHT NOTICE
Place of production, publication, distribution, manufacture Buenos Aires :
Name of producer, publisher, distributor, manufacturer Reisa
Date of production, publication, distribution, manufacture, or copyright notice 2000
300 ## - PHYSICAL DESCRIPTION
Extent 183 p.
Dimensions 23 cm.
505 ## - FORMATTED CONTENTS NOTE
Formatted contents note 1. Objetivos y destinatarios y evolución - 2. Fuentes de información - 3. Composición vertical-estructura - 4. Análisis horizontal - tendencias - 5. Tasas de rentabilidad - 6. Formulas de Dupont - Márgenes y rotaciones - 7. Capital de trabajo - 8. Indice de liquidez corriente - 9. Liquidez seca - 10. Liquidez total - 11. Endeudamiento - 12. Financiación de inmovilización - 13. El informe económico - financiamiento.
590 ## - LOCAL NOTE (RLIN)
Local note niveau_biblio:m niveau_hierar:0
700 1# - ADDED ENTRY--PERSONAL NAME
Personal name Telias, Alejandro J.
856 41 - ELECTRONIC LOCATION AND ACCESS
Uniform Resource Identifier <a href="https://biblioeco.unsa.edu.ar/pmb/images/libros/Analisis e Interpretacion de Estados Contables2-l86757.jpg">https://biblioeco.unsa.edu.ar/pmb/images/libros/Analisis e Interpretacion de Estados Contables2-l86757.jpg</a>
Link text Imagen de portada
Electronic format type image/jpeg
942 ## - ADDED ENTRY ELEMENTS (KOHA)
Koha item type
Existencias
Withdrawn status Lost status Damaged status Not for loan Home library Current library Shelving location Date acquired Total checkouts Full call number Barcode Date last seen Price effective from Koha item type Public note
        Biblioteca Prof. Eusebio Cleto del Rey Biblioteca Prof. Eusebio Cleto del Rey   07/04/2026   657.3 S475 11ed. L86757 07/04/2026 07/04/2026 Libro TAPA PEGADA CON CINTA - PRIMERAS 4 PÁGINAS DETERIORADAS - LÁPIZ - FLUOR PÁG 30,110,105 - PÁG 44 A 47 CON CINTA - MANCHADO (SOBRE TODO EN CENTRO SUPERIOR) Y MANCHAS EN INTERIOR DE LIBRO - HÚMEDO - A PARTIR DE PÁG 151 A INDICE SUELTAS
        Biblioteca Prof. Eusebio Cleto del Rey Biblioteca Prof. Eusebio Cleto del Rey   07/04/2026   657.3 S475 11ed. L86756 07/04/2026 07/04/2026 Libro LÁPIZ - HÚMEDO
        Biblioteca Prof. Eusebio Cleto del Rey Biblioteca Prof. Eusebio Cleto del Rey   07/04/2026   657.3 S475 11ed. L128249 07/04/2026 07/04/2026 Libro